header

Channels of resistance in Lebanon (Record no. 221583)

MARC details
000 -LEADER
fixed length control field 01214nam a2200313 a 4500
100 1# - MAIN ENTRY--AUTHOR NAME
Personal name Harb, Zahera.
245 10 - TITLE STATEMENT
Title Channels of resistance in Lebanon
260 ## - PUBLICATION, DISTRIBUTION, ETC. (IMPRINT)
Place of publication London :
Name of publisher I.B. Tauris & Co. Ltd.,
Year of publication 2011.
300 ## - PHYSICAL DESCRIPTION
Number of Pages 279 p.
650 #0 - SUBJECT ADDED ENTRY--TOPICAL TERM
Topical Term Arab-Israeli conflict.
856 40 - ELECTRONIC LOCATION AND ACCESS
Uniform Resource Identifier http://site.ebrary.com/lib/rucke/Doc?id=10480614

No items available.

© 2026 Rongo University
Contact us: librarian | system librarian | Rongo university